Fr. Conceicao Rodrigues College of Engineering

mastering Ethereum (Record no. 20550)

MARC details
000 -LEADER
fixed length control field 00342nam a2200169Ia 4500
082 ## - DEWEY DECIMAL CLASSIFICATION NUMBER
Item number ANT
100 ## - MAIN ENTRY--PERSONAL NAME
Personal name Antonopoulos/Andreas M/ wood/Gavin
245 ## - TITLE STATEMENT
Title mastering Ethereum
260 ## - PUBLICATION, DISTRIBUTION, ETC.
Name of publisher, distributor, etc. Oreilly
Date of publication, distribution, etc. 2019
366 ## - TRADE AVAILABILITY INFORMATION
Publishers's discount category 20
300 ## - PHYSICAL DESCRIPTION
Extent 384
546 ## - LANGUAGE NOTE
Language note ENGLISH
650 ## - SUBJECT ADDED ENTRY--TOPICAL TERM
Topical term or geographic name entry element Ethereum
654 ## - SUBJECT ADDED ENTRY--FACETED TOPICAL TERMS
Focus term ethereum
942 ## - ADDED ENTRY ELEMENTS (KOHA)
Koha item type BOOK
Holdings
Withdrawn status Lost status Damaged status Not for loan Collection Home library Current library Date acquired Source of acquisition Cost, normal purchase price Inventory number Total Checkouts Full call number Barcode Date last seen Cost, replacement price Price effective from Koha item type Date last checked out
        CRC Fr. Agnel's C.Rodrigues College of Engineering Fr. Agnel's C.Rodrigues College of Engineering 17/03/2023 Readers World 1120.00 290 dt 27.07.2022   ANT 25893 17/03/2023 1400.00   BOOK  
        CRC Fr. Agnel's C.Rodrigues College of Engineering Fr. Agnel's C.Rodrigues College of Engineering 17/03/2023 Readers World 1120.00 290 dt 27.07.2022   ANT 25894 17/03/2023 1400.00   BOOK  
        CRC Fr. Agnel's C.Rodrigues College of Engineering Fr. Agnel's C.Rodrigues College of Engineering 17/03/2023 Readers World 1120.00 290 dt 27.07.2022   ANT 25895 17/03/2023 1400.00   BOOK  
        CRC Fr. Agnel's C.Rodrigues College of Engineering Fr. Agnel's C.Rodrigues College of Engineering 17/03/2023 Readers World 1120.00 290 dt 27.07.2022   ANT 25896 17/03/2023 1400.00   BOOK  
        CRC Fr. Agnel's C.Rodrigues College of Engineering Fr. Agnel's C.Rodrigues- College of Engineering 17/03/2023 Readers World 1120.00 290 dt 27.07.2022 2 ANT 25897 31/07/2023 1400.00   BOOK 21/07/2023